Città natale dei personaggi storici - Statistics

Statistiche generali
  • Questo quiz è stato fatto 123 volte
  • Il punteggio medio è 9 su 20
Statistiche sulle risposte
Personalità Città natale % Corretto
Cristoforo Colombo Genova
98%
Socrate Atene
72%
Napoleone Bonaparte Ajaccio
70%
Marco Polo Venezia
70%
Giuseppe Garibaldi Nizza
63%
Wolfgang Amadeus Mozart Salisburgo
57%
Cleopatra Alessandria d'Egitto
53%
Oscar Wilde Dublino
52%
Archimede Siracusa
50%
Hideki Tojo Tokyo
48%
Marie Curie Varsavia
47%
Al Capone New York
44%
Ferdinando Magellano Porto
30%
William Shakespeare Stratford-upon-Avon
28%
Pablo Picasso Malaga
24%
Giacomo Puccini Lucca
23%
Martin Luther King Atlanta
16%
Bruce Lee San Francisco
13%
Yasser Arafat Il cairo
12%
J. R. R. Tolkien Bloemfontein
6%
Nessun quiz corrispondente trovato
Distribuzione punteggi
Percentuale di utenti per punteggio
Percentile per numero di risposta
I tuoi punteggi nel tempo
Non hai fatto questo quiz